[Event "IECC CL5-1998.19"]
[Site "IECC email"]
[Date "1998.10.01"]
[Round "?"]
[White "Barham Smith, Gary"]
[Black "Hoefer, Hans Peter"]
[Result "0-1"]
[WhiteElo "1419"]
[BlackElo "1692"]
[PlyCount "102"]
[EventDate "1998.??.??"]
[EventType "tourn (corr)"]
[EventRounds "4"]
[SourceTitle "Corr 2008"]
[Source "ChessBase"]
[SourceDate "2008.06.24"]
[SourceVersion "1"]
[SourceVersionDate "2008.06.24"]
[SourceQuality "1"]

1. e4 d6 2. d4 Nf6 3. Nc3 g6 4. Bd3 Bg7 5. f4 0-0 6. Be2 d5 7. e5 Ne4 8. Nxe4 dxe4 9. h4 Nc6 10. c3 Qd5 11. h5 Re8 12. b3 Bf5 13. Nh3 Rad8 14. Ng5 Qa5 15. b4 Nxb4 16. cxb4 Qxb4+ 17. Qd2 Qxd2+ 18. Bxd2 h6 19. Nh3 gxh5 20. Be3 Rd5 21. Nf2 Red8 22. Bxh5 Ra5 23. Bg4 e6 24. Rh5 Bg6 25. Rh3 Ra3 26. Ke2 Rd5 27. Bh5 Bxh5+ 28. Rxh5 f5 29. g4 Kf7 30. gxf5 exf5 31. Rxf5+ Kg6 32. Nxe4 Kxf5 33. Ng3+ Kg4 34. Nf1 Rd7 35. Kf2 Bf8 36. Nd2 Kf5 37. Nc4 Rc3 38. Nd2 c5 39. Nb3 c4 40. Rc1 Rxc1 41. Nxc1 h5 42. Ne2 Kg4 43. Nc3 h4 44. Ne4 Be7 45. f5 Kxf5 46. Kf3 b5 47. Bf2 b4 48. e6 Kxe6 49. Bxh4 Bxh4 50. Nc5+ Kf5 51. Nxd7 b3 0-1